000
00245nam a2200097Ia 4500
001
688819
005
20250826161622.0
008
250824s9999 xx 000 0 und d
245
0
_a
ESRARENGİZ YABANCI
_c
ESRA AĞAOĞLU
260
_b
TİMAŞ YAYINLARI
999
_c
688819
_d
688819